| 000 | 00751nam a2200193 a 4500 | ||
|---|---|---|---|
| 005 | 20140310183516.0 | ||
| 008 | 110104s19uu xx 00 eng d | ||
| 020 | _a9780757001864 | ||
| 050 |
_aHV 891 _b.D65 2005 |
||
| 100 | _aDoman, Glenn | ||
| 245 |
_aWhat to do about your brain-injured child : _bor your brain-damaged , mentally retarded, mentally deficient, cerbral-palasied, epileptic, autistic, athetoid, hyperactive,attention deficit disordered, developmentally delayed, down's child / _cGlenn Doman |
||
| 260 |
_aNew York : _bSquareone Pub, _c2005. |
||
| 300 |
_a318 p. : _c23 cm. |
||
| 521 | _aEDU | ||
| 650 | _aChildren with mental disability-Care. | ||
| 650 | _achildren with disabilities. | ||
| 942 |
_cBK _2lcc _kFOR |
||
| 999 |
_c24303 _d24303 |
||